[Event "Konakovo Chervonny op"]
[Site "Konakovo"]
[Date "2009.09.26"]
[Round "5"]
[White "Konovalov, Roman"]
[Black "Egorov, Gennadiy"]
[Result "1-0"]
[WhiteElo "2076"]
[BlackElo "2004"]
[PlyCount "63"]
[EventDate "2009.09.24"]
[EventType "swiss"]
[EventRounds "7"]
[EventCountry "RUS"]
[SourceTitle "EXT 2012"]
[Source "ChessBase"]
[SourceDate "2011.11.24"]
[SourceVersion "1"]
[SourceVersionDate "2011.11.24"]
[SourceQuality "1"]

1. e4 e6 2. d4 d5 3. e5 c5 4. c3 Nc6 5. Nf3 Qb6 6. Be2 cxd4 7. cxd4 Nge7 8. Nc3 Nf5 9. Na4 Bb4+ 10. Kf1 Qd8 11. a3 Be7 12. b4 0-0 13. h4 f6 14. g4 Nfxd4 15. Nxd4 Nxd4 16. Qxd4 fxe5 17. Qc3 Rxf2+ 18. Kg1 Bf6 19. Qh3 Rxe2 20. g5 Be7 21. Qg4 Rc2 22. h5 Bd7 23. g6 Bxa4 24. gxh7+ Kh8 25. h6 Bf6 26. Bg5 Bxg5 27. hxg7+ Kxg7 28. h8Q+ Qxh8 29. Qxg5+ Kf7 30. Rf1+ Ke8 31. Rxh8+ Kd7 32. Rxa8 1-0

[Event "Konakovo Rating 2nd"]
[Site "Konakovo"]
[Date "2009.07.25"]
[Round "7"]
[White "Podobed, Vladimir"]
[Black "Egorov, Gennadiy"]
[Result "1-0"]
[WhiteElo "2056"]
[BlackElo "2003"]
[PlyCount "47"]
[EventDate "2009.07.19"]
[EventType "tourn"]
[EventRounds "9"]
[EventCountry "RUS"]
[SourceTitle "EXT 2022"]
[Source "ChessBase"]
[SourceDate "2021.10.06"]
[SourceVersion "1"]
[SourceVersionDate "2021.10.06"]
[SourceQuality "1"]

1. e4 c5 2. Nc3 Nc6 3. g3 g6 4. Bg2 Bg7 5. Nge2 d6 6. d3 Nf6 7. 0-0 0-0 8. Kh1 a6 9. a4 e5 10. f4 Bg4 11. h3 Bxe2 12. Nxe2 b5 13. axb5 axb5 14. Rxa8 Qxa8 15. fxe5 Nxe5 16. Bg5 Ned7 17. e5 Nd5 18. exd6 Qa2 19. c4 Nb4 20. Nc3 Qxb2 21. Nxb5 Re8 22. Be7 Qc2 23. Qxc2 Nxc2 24. Bc6 1-0

[Event "Konakovo Rating 2nd"]
[Site "Konakovo"]
[Date "2009.07.20"]
[Round "2"]
[White "Egorov, Gennadiy"]
[Black "Dzera, Evgeniy"]
[Result "0-1"]
[WhiteElo "2003"]
[BlackElo "2187"]
[PlyCount "106"]
[EventDate "2009.07.19"]
[EventType "tourn"]
[EventRounds "9"]
[EventCountry "RUS"]
[SourceTitle "EXT 2022"]
[Source "ChessBase"]
[SourceDate "2021.10.06"]
[SourceVersion "1"]
[SourceVersionDate "2021.10.06"]
[SourceQuality "1"]

1. e4 g6 2. d4 Bg7 3. Nc3 c6 4. Be3 d6 5. Qd2 h5 6. f4 Nf6 7. Be2 b5 8. a3 Ng4 9. Bxg4 hxg4 10. Nge2 a5 11. Ng3 Nd7 12. f5 gxf5 13. Nxf5 Bf6 14. Qe2 Nb6 15. 0-0 Nc4 16. Bf2 Bxf5 17. exf5 d5 18. b3 Nd6 19. Qd3 Qb6 20. Rad1 0-0-0 21. Bg3 Ne4 22. Ne2 Rh7 23. Rf4 Rg8 24. Rxe4 dxe4 25. Qxe4 Bh4 26. Bf4 Rgh8 27. c4 Bf6 28. cxb5 Qxb5 29. Rc1 Kb7 30. Rc5 Qb6 31. b4 axb4 32. axb4 Rd8 33. Be3 Rd5 34. Rxd5 cxd5 35. Qxd5+ Qc6 36. Qc5 Rh8 37. d5 Qxc5 38. bxc5 Rd8 39. c6+ Ka6 40. Nf4 Bg5 41. Kf2 Bh4+ 42. Ke2 Kb5 43. Kd3 Bg5 44. Ne6 fxe6 45. Bxg5 Rxd5+ 46. Ke4 Kxc6 47. Bxe7 exf5+ 48. Kf4 Kd7 49. Bg5 Ke6 50. h4 Rd4+ 51. Ke3 Re4+ 52. Kf2 f4 53. g3 f3 0-1

[Event "Konakovo Rating 2nd"]
[Site "Konakovo"]
[Date "2009.07.19"]
[Round "1"]
[White "Egorov, Gennadiy"]
[Black "Poluhovich, Igor"]
[Result "1-0"]
[WhiteElo "2003"]
[BlackElo "1962"]
[PlyCount "67"]
[EventDate "2009.07.19"]
[EventType "tourn"]
[EventRounds "9"]
[EventCountry "RUS"]
[SourceTitle "EXT 2022"]
[Source "ChessBase"]
[SourceDate "2021.10.06"]
[SourceVersion "1"]
[SourceVersionDate "2021.10.06"]
[SourceQuality "1"]

1. e4 e5 2. Nf3 Nc6 3. Bb5 a6 4. Ba4 f5 5. d3 d6 6. c3 f4 7. h3 Be6 8. d4 b5 9. Bb3 Bxb3 10. Qxb3 Nf6 11. 0-0 Na5 12. Qc2 Nd7 13. b3 g5 14. dxe5 dxe5 15. Rd1 Bd6 16. c4 h5 17. Bb2 Qe7 18. Nc3 g4 19. Nd5 Qg7 20. Nh4 gxh3 21. Kh2 hxg2 22. Rg1 Qg4 23. Nxg2 c6 24. Ngxf4 Qh4+ 25. Nh3 cxd5 26. cxd5 Kf7 27. Bc1 Nf6 28. f3 Ng4+ 29. fxg4 hxg4 30. Rg3 gxh3 31. Bg5 Qh5 32. Rf1+ Ke8 33. Rff3 Rg8 34. Qd2 1-0